Lý luận dạy học sinh học (Phần lý luận đại cương) T.1

Sparad:
Bibliografiska uppgifter
Huvudupphovsman: Nguyễn Quang Vinh
Materialtyp: Bok
Språk:Vietnamese
Publicerad: H. Giáo dục
Serie:Sách đại học sư phạm
Ämnen:
Taggar: Lägg till en tagg
Inga taggar, Lägg till första taggen!
Thư viện lưu trữ: Mạng thư viện Đại học Đà Nẵng
LEADER 01077nam a2200313 4500
001 000009159
003 5354
005 20111025111009.0
008 111025sGiáo viesd
041 0 |a vie 
082 |a 570  |b NG-V 
100 0 |a Nguyễn Quang Vinh 
245 1 0 |a Lý luận dạy học sinh học  |b (Phần lý luận đại cương)  |c Nguyễn Quang Vinh,Trần Doãn Bách,Trần Bá Hoành  |n T.1 
260 |b H.  |c Giáo dục 
300 |a 124tr.  |c 19cm 
490 |a Sách đại học sư phạm 
653 |a Dạy học 
653 |a Sinh học 
773 |t Lý luận dạy học sinh học  |w 5351 
OWN |a LSP 
AVA |a UDN50  |b LSP  |d 570 NG-V  |e available  |t Error 5001 Not defined in file expand_doc_bib_avail.  |f 5  |g 1  |h N  |i 1  |k 1 
999 |a From the UDN01 
AVA |a UDN50  |b LSP  |d 570 NG-V  |e available  |t Error 5001 Not defined in file expand_doc_bib_avail.  |f 5  |g 1  |h N  |i 1  |k 1 
TYP |a Monograph 
TYP |a Printed language 
980 |a Mạng thư viện Đại học Đà Nẵng